[Event "2nd Mix Bassano 2021"]
[Site "Bassano del Grappa"]
[Date "2021.03.24"]
[Round "1.2"]
[White "Peralta, Fernando"]
[Black "Formento, Paolo"]
[Result "1/2-1/2"]
[WhiteElo "2561"]
[BlackElo "2329"]
[Annotator "TA"]
[PlyCount "55"]
[EventDate "2021.03.24"]
[EventType "swiss"]
[EventCountry "ITA"]
[SourceTitle "playchess.com"]
[Source "ChessBase"]
[SourceQuality "1"]

{[%evp 17,55,40,39,26,37,25,37,35,30,29,22,25,38,31,38,40,19,37,25,25,30,29,29,16,16,16,15,15,15,8,31,21,31,43,26,0,0,0,27,0]} 1. Nf3 Nf6 2. c4 e6 3. Nc3 d5 4. e3 Be7 5. b3 O-O 6. Bb2 c5 7. cxd5 Nxd5 8. Nxd5 Qxd5 9. Bc4 Qd8 10. Qc2 {A13: English Opening: 1...e6.} Nc6 {[%cal Bb8c6,Bc6b4,Bb4a2][%mdl 32]} 11. h4 {[#]} h6 $146 ({Predecessor:} 11... Qd6 12. g4 Nb4 13. Qe4 Qc6 14. Qxc6 Nxc6 15. g5 a6 16. h5 b5 17. Bd3 Bb7 {½-½ (58) Sielecki,C (2448)-Dresen,U (2260) Germany 2018}) 12. g4 {White is slightly better.} Bf6 {[#]} 13. Ng5 $1 Bxg5 14. hxg5 Qxg5 15. O-O-O {f4 is the strong threat.} Nb4 $1 {[%cal Rb4c2] [#]} 16. f4 $1 Qg6 {[%cal Rg6c2]} 17. Qxg6 fxg6 18. d4 b5 19. Bxb5 Bb7 20. Rhg1 Nxa2+ 21. Kb1 Nb4 22. dxc5 Be4+ 23. Ka1 Nc2+ 24. Ka2 Nb4+ 25. Ka3 Nc2+ 26. Ka2 Nb4+ 27. Ka3 Nc2+ 28. Ka2 {Weighted Error Value: White=0.02/Black=0.02} 1/2-1/2

[Event "2nd Mix Bassano 2021"]
[Site "Bassano del Grappa"]
[Date "2021.03.24"]
[Round "1.3"]
[White "Kuhn, Clement"]
[Black "Moroni, Luca Jr"]
[Result "0-1"]
[WhiteElo "2278"]
[BlackElo "2552"]
[Annotator "TA"]
[PlyCount "88"]
[EventDate "2021.03.24"]
[EventType "swiss"]
[EventCountry "ITA"]
[SourceTitle "playchess.com"]
[Source "ChessBase"]
[SourceQuality "1"]

{[%evp 9,88,0,0,-8,0,0,0,-1,0,-41,-49,-65,-65,-63,-57,-69,-16,-75,-49,-46,-45,-87,-47,-76,-56,-104,-114,-118,-121,-97,-116,-110,-91,-105,-92,-190,-104,-110,-107,-142,-101,-277,0,-285,-270,-246,-270,-261,-237,-438,-190,-193,-187,-204,-168,-118,0,-441,-181,-1418,-1421,-1257,-722,-701,-729,-29983,-29984,-5995,-5638,-29988,-29989,-29989,-29990,-29990,-29991,-29994,-29995,-29997,-29998,-29998,-29999]} 1. Nf3 g6 2. g3 Bg7 3. Bg2 e5 4. d3 Nc6 5. O-O Nge7 6. e4 {A04: Unusual lines after 1 Nf3 and King's Indian Attack.} O-O 7. Re1 h6 8. Nc3 {The position is equal.} d6 {[#]} 9. Nd2 $146 ({Predecessor:} 9. Qe2 Be6 10. Qf1 Qd7 11. a3 a6 12. Rb1 Rab8 13. Be3 f5 14. Ne2 g5 15. exf5 Nxf5 {0-1 (27) Graul,D (1600)-Metzger,E (1721) Berlin 2006}) 9... f5 10. Nc4 f4 11. Nd5 g5 12. c3 Be6 (12... Nxd5 $15 13. exd5 Ne7) 13. b4 (13. h4 $1 $11 {remains equal.}) 13... Qd7 14. b5 Nd8 {[%cal Bc6d8,Bd8f7,Bf7g5,Bg5f3][%mdl 32]} 15. Rb1 Ng6 16. a4 Nf7 17. a5 c6 18. bxc6 bxc6 19. Nb4 g4 20. a6 Ng5 21. Na5 Rac8 22. d4 (22. Rb2 $17 {was worth a try.}) 22... exd4 (22... Nf3+ $1 $19 23. Bxf3 gxf3 24. Qxf3 fxg3 25. Qxg3 Bg4) 23. cxd4 {Strongly threatening Nbxc6.} Nf3+ 24. Bxf3 gxf3 25. Nbxc6 $2 (25. Qxf3 $17 Bxd4 26. Bxf4) 25... fxg3 $2 ({Stronger than} 25... Rxc6 26. Nxc6 fxg3 27. hxg3 $14) (25... Ba2 $1 $19 {aiming for ...fxg3.} 26. Rb2 (26. Rb7 $2 Qh3 $19) 26... fxg3 27. fxg3 (27. Rxa2 $2 gxh2+ 28. Kh1 Qh3 $19) 27... f2+ 28. Rxf2 Rxf2 29. Kxf2 Rxc6 30. Nxc6 Qxc6) 26. hxg3 $2 {[%mdl 8192]} (26. Rb7 $1 $11 gxf2+ 27. Kxf2) 26... Ba2 $19 {...Qh3 is the strong threat.} ({Not} 26... Rxc6 27. Nxc6 Bc4 28. Qa4 $14) 27. Rb3 Bxb3 (27... Rxc6 28. Nxc6 Qxc6 29. Rxf3 $11) 28. Qxb3+ Kh7 {Hoping for ...Qh3.} 29. Qb5 $2 (29. Qd3) 29... Rc7 $40 {[%mdl 128] Black has strong attack.} ({Weaker is} 29... Qh3 30. Qf1 $17) (29... Ne7 $142 30. d5 Bc3) 30. Kh2 Re8 31. Bd2 Ne7 {[%cal Re7c6]} 32. d5 {[#] Black should prevent Qd3.} Ng6 (32... Nxc6 $1 $17 33. Nxc6 Qg4) 33. Nb7 {[%mdl 8192] [#]} (33. Nc4 $11) 33... Ne5 (33... Re5 $142 $1 {[%mdl 512] ( -> ...Rh5+)} 34. Qf1 Rh5+ 35. Kg1 Ne5) 34. Nxa7 $2 (34. Bf4) 34... Ng4+ 35. Kg1 Bd4 {[%mdl 64] Double Attack} 36. Qxd7+ Rxd7 37. Nb5 Bxf2+ {[%mdl 64] Double Attack} 38. Kf1 Bb6 {[%cal Rg4h2]} 39. Rc1 Rxe4 {[%cal Rg4h2] Black mates.} 40. Nc5 Bxc5 41. Rxc5 dxc5 42. a7 Re2 43. a8=Q Nh2+ 44. Kg1 f2+ {Weighted Error Value: White=1.10/Black=0.62} 0-1

[Event "2nd Mix Bassano 2021"]
[Site "Bassano del Grappa"]
[Date "2021.03.24"]
[Round "1.4"]
[White "Bjerre, Jonas Buhl"]
[Black "Yu, Jennifer"]
[Result "1-0"]
[WhiteElo "2549"]
[BlackElo "2275"]
[Annotator "TA"]
[PlyCount "93"]
[EventDate "2021.03.24"]
[EventType "swiss"]
[EventCountry "ITA"]
[SourceTitle "playchess.com"]
[Source "ChessBase"]
[SourceQuality "1"]

{[%evp 13,93,20,20,33,46,-11,-6,-18,11,2,22,53,116,109,101,107,110,105,287,258,292,279,273,285,285,291,286,286,288,286,286,293,269,295,286,293,484,489,467,464,402,359,422,420,388,400,412,402,423,421,406,408,394,393,536,536,531,527,652,813,732,256,1414,1414,1414,1407,1407,1407,1400,1400,1400,1385,1385,1368,1370,1354,1360,1345,1370,1370,1363,1356]} 1. d4 d5 2. c4 e6 3. Nf3 Nf6 4. g3 dxc4 5. Bg2 a6 6. Ne5 c5 7. Be3 Nd5 8. O-O {E04: Open Catalan: 5 Nf3.} b5 9. dxc5 {[#]} (9. Nc3 $14) 9... f6 $146 ({Predecessor:} 9... Bb7 10. Nc3 Be7 11. Nxd5 Bxd5 12. Bxd5 exd5 13. c6 Qd6 14. Bf4 Qc5 15. b4 Qxb4 16. Qxd5 O-O 17. c7 {1-0 (17) Parnali,S (2228)-Gill,N (2102) Douglas 2016}) 10. Bxd5 {The position is equal.} exd5 (10... Qxd5 {is more complex.} 11. Qxd5 exd5 12. Nf3 Bb7 13. Nc3 b4) 11. Nf3 Bb7 12. Nc3 Nd7 {[#]} ({Better is} 12... b4 $14 13. Na4 Nd7) 13. b4 $1 $16 ({Much weaker is} 13. Nxd5 $6 Nxc5 14. Nf4 Kf7 $15) 13... cxb3 14. c6 $1 {[%cal Rc6b7]} Bxc6 15. Qxb3 Ne5 $2 {[#] Black cannot hold the game after this.} (15... Bc5 $16 {might work better.}) 16. Nxe5 $1 $18 fxe5 17. Rfd1 {[%cal Rc3d5]} Rc8 18. Nxd5 Bxd5 19. Rxd5 ({Weaker is} 19. Qxd5 Qxd5 20. Rxd5 Kf7 $14) 19... Qf6 20. Rad1 Be7 21. Rd7 {And now Ra7 would win.} Rc4 22. Rb7 O-O 23. Rb6 Qf5 24. Rxa6 Qh5 $2 (24... Qc2 {is a better defense.} 25. Rd7 Bf6 26. Qxb5 Kh8) 25. a4 {[%cal Ba2a4,Ba4b5,Bb5b6,Bb6b7][%mdl 32]} Qxe2 {If only Black now had time for ...Kh8....} 26. axb5 Kh8 {and the idea ...Rb4 leaves Black hopeful.} 27. Qd3 Qf3 {intending ...Rc3.} 28. Qxc4 Qxd1+ 29. Qf1 Qf3 30. Ra1 h6 31. b6 Bg5 32. Bxg5 hxg5 {[%mdl 4096] Endgame KQR-KQR} 33. Rb1 {Hoping for b7.} g4 34. b7 Rb8 35. Qc4 {Qc8+ is the strong threat.} Kh7 36. Qc2+ e4 37. Rb4 $2 (37. Rb3 Qf5 38. Rb4) 37... g6 $2 (37... Rd8 38. Rb1 Rb8) 38. Qxe4 {White is clearly winning.} Qxe4 39. Rxe4 Rxb7 40. Rxg4 {KR-KR} Kg7 41. h4 Kf6 42. Rg5 Rb2 43. Kg2 Ra2 44. Rb5 Rc2 45. g4 Ra2 46. h5 gxh5 47. Rxh5 {Weighted Error Value: White=0.15/Black=0.30} 1-0

[Event "2nd Mix Bassano 2021"]
[Site "Bassano del Grappa"]
[Date "2021.03.24"]
[Round "1.5"]
[White "Deuer, Marius"]
[Black "Checa, Nicolas"]
[Result "0-1"]
[WhiteElo "2231"]
[BlackElo "2546"]
[Annotator "TA"]
[PlyCount "74"]
[EventDate "2021.03.24"]
[EventType "swiss"]
[EventCountry "ITA"]
[SourceTitle "playchess.com"]
[Source "ChessBase"]
[SourceQuality "1"]

{[%evp 9,74,-5,5,9,5,3,2,-12,0,-7,-9,-58,-54,-65,-40,-94,-94,-107,-83,-69,-70,-45,-65,-102,-100,-110,-105,-184,-177,-168,-174,-236,-236,-351,-325,-487,-288,-301,-294,-297,-301,-301,-290,-275,-264,-339,-300,-425,-422,-415,-412,-644,-629,-579,-545,-572,-560,-29996,-504,-594,-608,-589,-562,-904,-893,-1981,-1973]} 1. d4 d5 2. c4 c6 3. Nf3 Nf6 4. Qc2 g6 5. Bf4 dxc4 6. Qxc4 {D11: Slav Defence: 3 Nf3 sidelines and 3...Nf6 4 e3 Bg4.} Be6 $1 {[%mdl 4] now scores much better than the old 6...Bg7.} 7. Qc1 Bg7 8. e3 {The position is equal.} O-O 9. Nbd2 Nbd7 {[#]} 10. Nb3 $146 ({Predecessor:} 10. e4 Bg4 11. Be2 Nh5 12. Bg5 h6 13. Be3 e5 14. dxe5 Bxf3 15. Nxf3 Nxe5 16. O-O {½-½ (31) Ni,H (2674)-Zhao,Y (2386) China 2017}) 10... Rc8 11. Bc4 {Black should prevent Bxe6.} Nd5 $36 {[%mdl 2048] Hoping for ...c5. Black fights for an advantage.} 12. Bg3 ({White should try} 12. O-O $1 $15) 12... c5 $17 {White must now prevent ...cxd4.} 13. e4 cxd4 14. exd5 Bg4 {[%cal Rg4f3]} 15. Nfxd4 Nb6 {[%mdl 64] [#] Double Attack} 16. Qf4 {Threatens to win with Bb5. White is on the road to losing.} Rxc4 17. Qxg4 Qxd5 {[%cal Rg7d4]} 18. Rd1 (18. O-O $17) 18... e5 $19 19. O-O exd4 20. Qe2 (20. Nc1 {was called for.}) 20... Rfc8 21. Rd2 (21. Qf3 {keeps fighting.}) 21... a5 {[%cal Ba7a5,Ba5a4][%mdl 32]} 22. Qf3 (22. Rdd1 $142) 22... Qxf3 (22... a4 $142 23. Na1 Rc1 24. Qxd5 Nxd5) 23. gxf3 a4 24. Na5 Rc2 25. Rfd1 Rxd2 26. Rxd2 f5 27. Kg2 Nd5 28. Bd6 (28. Nxb7 {was necessary.} f4 29. Bh4) 28... b6 29. Nb7 Kf7 30. Ba3 (30. f4 $142 Ke6 31. Kf3) 30... Nf4+ 31. Kg3 {[#] And now Nd6+ would win.} Rc1 $1 32. h4 (32. Kxf4 Bh6+) 32... Be5 {( -> ...Rh1)} 33. b3 Rc3 (33... Rh1 $142 34. Nd6+ Ke6 35. Nxf5 Kxf5 36. bxa4 Rh3#) 34. Nd6+ {Black is clearly winning.} Ke6 35. Nc4 Bc7 36. Bb4 axb3 37. Rxd4 Nd5+ {Weighted Error Value: White=1.00/Black=0.22} 0-1

[Event "2nd Mix Bassano 2021"]
[Site "Bassano del Grappa"]
[Date "2021.03.24"]
[Round "1.6"]
[White "Niemann, Hans Moke"]
[Black "Pasini, Nicolo"]
[Result "1-0"]
[WhiteElo "2526"]
[BlackElo "2220"]
[Annotator "TA"]
[PlyCount "59"]
[EventDate "2021.03.24"]
[EventType "swiss"]
[EventCountry "ITA"]
[SourceTitle "playchess.com"]
[Source "ChessBase"]
[SourceQuality "1"]

{[%evp 9,59,48,58,56,56,47,56,58,55,45,55,51,56,51,57,39,60,50,58,50,51,17,143,157,154,125,137,124,120,114,317,320,327,317,724,712,740,740,688,728,840,840,840,840,836,829,824,633,633,633,648,637]} 1. d4 Nf6 2. c4 c5 3. d5 a6 4. Nc3 b5 5. a3 d6 6. e4 {A56: Czech Benoni.} bxc4 {[#]} 7. Bxc4 $146 ({Predecessor:} 7. f4 Nbd7 8. Qa4 g6 9. e5 dxe5 10. fxe5 Ng4 11. e6 Bg7 12. Nf3 O-O 13. exd7 Bxd7 14. Qxc4 e5 {1-0 (14) Basso,P (2570)-Orfini,N (2278) Bassano del Grappa 2020}) 7... g6 8. h3 {White is slightly better.} Bg7 9. Nf3 O-O 10. O-O Nbd7 11. Bf4 a5 12. Qe2 Qb6 13. a4 Ba6 14. Nb5 Ne8 15. Rfe1 Nc7 (15... Qb7 $11) 16. Nxc7 $16 {[%mdl 64] [#] Discovered Attack} Bxc4 17. Nxa8 ({Not} 17. Qxc4 Qxc7 18. Rab1 Rab8 $11) 17... Qb4 18. Qe3 Rxa8 19. e5 {Strongly threatening e6.} Nb6 $2 {Loses the game.} (19... Bxd5 $16 20. exd6 e6) 20. exd6 $18 Nxd5 21. Qe4 Re8 (21... Bb3 22. Qxb4 (22. dxe7 Qxe4 23. Rxe4 Re8 $18) 22... cxb4) 22. Bd2 {White is clearly winning.} Qb3 23. Ra3 Nf6 {[#]} 24. d7 $1 {[%mdl 512]} Rd8 (24... Rf8 25. Qxe7) 25. Rxb3 Nxe4 26. Bxa5 ({Stronger than} 26. Rxe4 Bxb3 27. Ne5 (27. Rxe7 Bxa4 28. Bxa5 Rxd7 $11) 27... Bxe5 $11) 26... Bxb3 27. Bxd8 Nf6 28. Rxe7 {Threatening mate with Re8+.} Bxa4 29. Ne5 h5 30. Bb6 {Weighted Error Value: White=0.16/Black=0.30} 1-0

[Event "2nd Mix Bassano 2021"]
[Site "Bassano del Grappa"]
[Date "2021.03.24"]
[Round "1.7"]
[White "Orfini, Nicolo`"]
[Black "Bellahcene, Bilel"]
[Result "0-1"]
[WhiteElo "2214"]
[BlackElo "2517"]
[Annotator "TA"]
[PlyCount "64"]
[EventDate "2021.03.24"]
[EventType "swiss"]
[EventCountry "ITA"]
[SourceTitle "playchess.com"]
[Source "ChessBase"]
[SourceQuality "1"]

{[%evp 9,64,22,39,32,35,41,40,27,46,18,29,24,39,13,26,16,35,26,39,36,45,31,34,18,-6,-31,-32,-45,-50,-67,-31,-45,-43,-54,-29,-81,-52,-59,-52,-106,-103,-111,-108,-165,-172,-166,-165,-166,-155,-240,-247,-323,-315,-408,-418,-496,-483]} 1. e4 {Roiz,M} e5 2. Nf3 Nc6 3. Bc4 Nf6 4. d3 h6 5. h3 d6 6. c3 {C55: Two Knights: 4 d3, 4 d4 exd4 5 e5 and Max Lange Attack.} g6 7. O-O Bg7 8. Re1 {White is slightly better.} O-O {[#]} 9. Bb5 $146 ({Predecessor:} 9. d4 Nd7 10. Na3 Nb6 11. Bb5 Bd7 12. Be3 Kh7 13. dxe5 dxe5 14. Nc4 Qe7 15. a4 Rad8 {0-1 (44) Hou,Y (2666)-Rapport,R (2694) Geneva 2017 CBM 180 [Roiz,M]}) 9... Bd7 10. d4 a6 11. Bf1 Qe7 12. Nbd2 Rfe8 13. d5 Nd8 14. c4 Nh7 15. b4 a5 16. bxa5 Rxa5 17. Nb3 Ra8 18. Qc2 b6 19. Nh2 h5 20. Bd2 Nb7 {[%cal Bd8b7,Bb7c5,Bc5d3][%mdl 32]} 21. Bd3 Rf8 22. Re2 (22. Rab1 $11) 22... Ra7 23. Rae1 Rfa8 24. Ra1 ({White should play} 24. Be3 $15) 24... Ba4 $17 25. Rf1 Nc5 26. Qc3 (26. Bb4 $17) 26... Nxd3 $19 27. Qxd3 Bd7 28. Nc1 Ra4 29. f4 (29. Qb3 $17 {is a better defense.}) 29... b5 30. cxb5 Qe8 31. Qc2 Bxb5 32. Qxc7 Rc4 {Weighted Error Value: White=0.25/Black=0.06} 0-1

[Event "2nd Mix Bassano 2021"]
[Site "Bassano del Grappa"]
[Date "2021.03.24"]
[Round "1.8"]
[White "Diermair, Andreas"]
[Black "Simonetto, Andrea"]
[Result "1-0"]
[WhiteElo "2487"]
[BlackElo "2195"]
[Annotator "TA"]
[PlyCount "129"]
[EventDate "2021.03.24"]
[EventType "swiss"]
[EventCountry "ITA"]
[SourceTitle "playchess.com"]
[Source "ChessBase"]
[SourceQuality "1"]

{[%evp 12,129,20,12,43,41,52,53,50,35,43,39,52,43,36,27,35,22,49,51,40,41,56,33,23,34,26,37,37,39,20,27,38,0,0,0,0,0,0,0,0,0,112,141,130,131,134,132,132,129,338,113,104,125,112,122,111,99,53,21,146,100,154,152,144,147,137,0,0,0,0,0,0,0,0,-169,-158,-246,-246,-246,-17,-12,-33,-33,-12,-30,-33,-178,-185,-193,429,389,746,719,781,745,715,698,647,647,627,585,576,501,2102,2093,1025,684,993,943,5413,557,525,250,29987,1904,29990,29991,29993,29994]} 1. Nf3 d5 2. g3 Nf6 3. Bg2 e6 4. O-O c5 5. d4 cxd4 6. Nxd4 e5 7. Nb3 Be7 {D02: 1 d4 d5 2 Nf3 sidelines, including 2...Nf6 3 g3 and 2...Nf6 3 Bf4.} 8. c4 {[%cal Rc4d5]} d4 9. e3 {[%cal Re3d4]} d3 {White is slightly better.} 10. Nc3 Bg4 11. Bf3 h5 12. e4 Nc6 13. Bg5 Nxe4 14. Nxe4 Bxg5 15. Bxg4 hxg4 16. Qxg4 Bh6 {[#]} 17. Rad1 $146 ({Predecessor:} 17. c5 O-O 18. Nd6 a5 19. Qa4 f5 20. Qc4+ Kh7 21. Qxd3 a4 22. Nd2 e4 23. Qc3 {½-½ (35) Morcin,T (2051)-Sukhorskij,V (2118) LSS email 2012}) 17... O-O {White must now prevent ...f5.} 18. Qf5 g6 19. Qh3 Kg7 20. g4 Bf4 21. Rxd3 Qe7 {Strongly threatening ...Rh8.} 22. Qg2 Rad8 23. Rfd1 Rxd3 24. Rxd3 Qb4 25. Qf3 Rh8 {( -> ...Qe1+)} 26. h3 Rxh3 27. Qxh3 $16 Qe1+ 28. Kg2 {Hoping for Nbc5.} Qxe4+ 29. Qf3 $1 {[%cal Rf3e4]} Qxc4 30. Rd7 Qe6 $2 (30... Nb4 $16) 31. Rxb7 $2 (31. Nc5 $1 $18 {[%cal Rc5e6] is the precise move to win.} Qc4 32. Nxb7) 31... Qc8 32. Rb5 Nd8 33. Rc5 $1 {[%cal Rc5c8]} Qb8 34. Qd5 Ne6 35. Rc3 {Threatens to win with Nc5.} Ng5 (35... Bc1 $11 36. Kg1 Bxb2) 36. Kf1 Qh8 (36... Nh7 $142) 37. Nc5 Qh4 38. Qg2 Qh8 {[#]} 39. Rd3 (39. Nd3 $1 $16 {[%cal Rd3f4]}) 39... Qc8 $11 40. b4 e4 $1 {[%cal Re4d3]} 41. Rd4 Qc6 {And now ...Nf3 would win.} 42. Rxe4 Qd5 $1 43. f3 $2 (43. Re3 $11 {and White has nothing to worry.} Qc4+ 44. Re2) 43... Nxe4 $19 44. Nxe4 (44. fxe4 $17 Qd1+ 45. Kf2) 44... Qd1+ 45. Kf2 Qc2+ $2 ({Better is} 45... Qd4+ $19 46. Kf1 Qa1+ 47. Kf2 Qxa2+ 48. Kf1 Qa1+ 49. Kf2 Qb2+ 50. Kf1 Qc1+ 51. Ke2 Qc4+ 52. Kd1 Qd4+ 53. Ke2 Qc4+ 54. Kd1 Qxb4) 46. Kg1 $11 Qb1+ 47. Qf1 Be3+ 48. Kg2 Qxa2+ 49. Kh1 {[#]} (49. Kg3 $15) 49... Bf4 $1 $19 {[%csl Gf4][%cal Ra2h2]} 50. Qg1 {Qd4+ is the strong threat.} Qe2 $4 {[%mdl 8192]} (50... Be5 $19 {aiming for ...a6.} 51. Qf2 Qa1+ 52. Kg2 Bd4) 51. Qd4+ $18 Kh7 $2 (51... Kf8 52. Qh8+ Ke7 53. Qf6+ {[%mdl 64] Double Attack} Kf8 54. Qxf4 Qd1+ 55. Kg2 Qd4 56. Qh6+ Ke7 57. Qg5+ Kf8 58. Qh6+ Ke7) 52. Nf6+ {[%mdl 64] Discovered Attack} Kh6 53. Qxf4+ Kg7 54. Ne4 Qf1+ 55. Kh2 Qe2+ 56. Kg1 Qe1+ 57. Kg2 Qxb4 (57... Qe2+ $142 58. Nf2 Qb2) 58. Qe5+ Kf8 59. Nd6 Qb3 60. Kg3 Qa2 61. Nc8 (61. g5 $142 {White wants to mate with Qe8+.} Qe6 62. Qxe6 fxe6 63. Kf4) 61... Kg8 62. g5 (62. Ne7+ $142 Kh7 63. Nd5) 62... Qd2 $2 (62... Qb1 $18 63. Ne7+ Kh7) 63. Ne7+ (63. Nd6 $142 Qa2 64. Ne8 f6 65. Nxf6+ Kf8 66. Nd5 Qa3 67. Qf4+ Kg7 68. Qf6+ Kg8 69. Ne7+ Qxe7 70. Qxe7) 63... Kf8 64. Nd5 {[%cal Re5h8]} Kg8 65. Nf6+ {Quite a comeback for White.  Weighted Error Value: White=0.28/Black=0.36} 1-0

[Event "2nd Mix Bassano 2021"]
[Site "Bassano del Grappa"]
[Date "2021.03.24"]
[Round "1.9"]
[White "Nilssen, Ellen Fredericia"]
[Black "Sonis, Francesco"]
[Result "0-1"]
[WhiteElo "2168"]
[BlackElo "2477"]
[Annotator "TA"]
[PlyCount "82"]
[EventDate "2021.03.24"]
[EventType "swiss"]
[EventCountry "ITA"]
[SourceTitle "playchess.com"]
[Source "ChessBase"]
[SourceQuality "1"]

{[%evp 19,82,-9,-4,-7,-6,-6,-6,-6,-7,-4,-7,-5,0,-7,0,-7,-3,-7,0,-14,0,0,0,0,0,0,0,0,31,31,31,31,23,20,25,0,7,0,0,0,10,-75,-82,-111,0,0,0,-9,-1,-138,-146,-830,-816,-1306,-1303,-1284,-1264,-1262,-1253,-1252,-1158,-29990,-29991,-29991,-29992]} 1. d4 Nf6 2. c4 e6 3. Nf3 d5 4. Nc3 c6 5. cxd5 exd5 6. Bg5 Be7 7. e3 Bf5 8. Bd3 Bxd3 9. Qxd3 Nbd7 10. O-O O-O 11. Rfe1 {D35: Queen's Gambit Declined: Exchange Variation.} Ne4 12. Bxe7 Qxe7 13. Nd2 {[%cal Rc3e4] The position is equal.} f5 14. f3 Nxd2 15. Qxd2 Nf6 {[#]} 16. Re2 $146 ({Predecessor:} 16. Qd3 Qd7 17. b4 Rac8 18. a4 Rfd8 19. a5 Qd6 20. Rab1 g6 21. Na4 a6 22. Nc5 {0-1 (57) Chernyshov,A (2147)-Velikanov,I (2290) Kolomna 2010}) 16... Rad8 17. Nd1 Ne8 18. Nf2 Nd6 19. b3 Rf6 20. Rae1 Re8 21. Nd3 Re6 22. Nc5 Rh6 23. g3 b6 24. Nd3 Nf7 25. f4 Nd6 26. Ne5 Ne4 27. Qc2 c5 28. Rd1 Rd6 29. dxc5 bxc5 {[%cal Bb6c5,Bc5b4][%mdl 32]} 30. b4 (30. Nf3 $11) 30... cxb4 $17 31. Rd4 Qb7 ({Black should try} 31... a5 $17 32. Qb3 Qe6) 32. Qa4 $11 {[%cal Ra4e8] [#]} Rb8 {Hoping for ...Nc3.} 33. Rb2 {[%cal Rd4b4]} Rb6 34. Nd3 (34. Qd7 $1 $11) 34... Nc3 $36 {[%mdl 2048] Black is in control.} 35. Qxb4 {[%mdl 8192] This move loses the game for White.} (35. Qa5 $17) 35... Qc6 $19 36. Rc2 Rxb4 37. Nxb4 Qa4 38. Rxc3 Rxb4 39. Rc8+ Kf7 {[#] ( -> ...Rb1+)} 40. Rxd5 Rb1+ 41. Kg2 Qxa2+ {Weighted Error Value: White=0.75/Black=0.09} 0-1